LEADER 01118cam0-22003371i-450- 001 990005688060403321 005 20111017115749.0 035 $a000568806 035 $aFED01000568806 035 $a(Aleph)000568806FED01 035 $a000568806 100 $a19990604g19181919km-y0itay50------ba 101 0 $afre 102 $aFR 105 $ayf------001yy 200 1 $aMémoires de l'Ambassadeur Gerard$fJames W. Gerard 210 $aParis$cPayot$d1918-1919 215 $a2 v., tav.$d23 cm 225 1 $aCollection de mémoires, études et documents pour servir à l?histoire de la guerre mondiale 327 0 $a2.: Face a face avec le Kaiserisme 610 0 $aGuerra mondiale 1914-1918$aGermania$aDiari e memorie 610 0 $aStati Uniti d'America e Germania$aRelazioni diplomatiche$a1914-1918$aDiari e memorie 676 $a940.3$v21$zita 700 1$aGerard,$bJames W.$0218491 801 0$aIT$bUNINA$gRICA$2UNIMARC 901 $aBK 912 $a990005688060403321 952 $a940.3 GER 1 (2)$b9441$fFLFBC 959 $aFLFBC 996 $aMémoires de l'Ambassadeur Gerard$9602007 997 $aUNINA LEADER 01682nam0-2200433li-450 001 990000169050203316 005 20180918155407.0 010 $a88-203-1264-6 035 $a0016905 035 $aUSA010016905 035 $a(ALEPH)000016905USA01 035 $a0016905 100 $a2001994031981-------y0itay0103----ba 101 1 $aita$ceng 102 $aIT 200 1 $aProgettazione antisismica$eConseguenze dei terremoti, rischio sismisco, risposta locale ai terremoti, scelta della forma della struttura, risposta strutturale ai terremoti, progettazione dei dettagli costruttivi, resistenza sismica dei servizi, particolari architettonici termoresistenti, resistenza sismica di strutture specifiche, informazioni varie$ead uso di ingegneri, architetti, geometri$fDavid J. Dowrick 210 $aMilano$cU. Hoepli$dcopyr. 1981 215 $a387 p.$cill.$d24 cm 300 $aTrad. di Denise Lupi Schmid 454 0$12001$aEarthquake resistant design$91387013 676 $a693.852 700 1$aDOWRICK,$bDavid J.$031151 801 $aSistema bibliotecario di Ateneo dell' Università di Salerno$gRICA 912 $a990000169050203316 951 $a693.852 DOW$c693$d0002607 951 $aIII.1. 215 (Varie 111)$b8843 L.M.$cVarie 951 $a693.852 DOW$b860 Crd.$c693$d00331006 959 $aBK 969 $aTEC 969 $aCRD 969 $aUMA 979 $c19940325 979 $c20001110$lUSA01$h1712 979 $c20020403$lUSA01$h1624 979 $aPATRY$b90$c20040406$lUSA01$h1612 979 $aCOPAT3$b90$c20050217$lUSA01$h0932 979 $aPAOLA$b90$c20151012$lUSA01$h1329 996 $aEarthquake resistant design$91387013 997 $aUNISA